000 00217pam a2200121 a 4500
020 _c
041 _h
100 _aP.Sudhakar
245 _aLand Management
300 _a14
653 _aEnvironment
930 _a931
999 _c246784
_d246784